000 00403nam a22001577a 4500
005 20250327162832.0
008 250327b |||||||| |||| 00| 0 eng d
022 _a0013-5984
040 _cURS
082 _a371.3
245 1 0 _aThe Elementary School Journal
264 _aChicago, Illinois
_bUniversity of Chicago Press,
300 _avolumes
650 0 _aElementary education
942 _2ddc
_cCR
_s1
999 _c82440
_d82439